| 000 | 00661nam a2200217Ii 4500 | ||
|---|---|---|---|
| 003 | JO-AjNU | ||
| 008 | 230606s9999||||xx |||||||||||||| ||und|| | ||
| 020 | _a978--0-387-94217-9/978-1-4419-8548-4 | ||
| 040 |
_aJO-AjNU _beng _erda _cJO-AjNU |
||
| 041 | _aeng | ||
| 050 | 1 | 4 | _aQA300.B457 2019 |
| 100 | 3 |
_aBerberian, Sterling k , _eauthor _96242 |
|
| 245 | 0 | 2 | _aA first course In real anaysis |
| 264 | 3 | 1 | _aIndia:Springer,2019 |
| 300 | _a237p | ||
| 336 |
_atext _btxt _2rdacontent |
||
| 337 |
_aunmediated _bn _2rdamedia |
||
| 338 |
_avolume _bnc _2rdacarrier |
||
| 490 | 0 | _aundergradute Text in mathematics | |
| 650 | 4 |
_amathmatics analysis-number real _96243 |
|
| 999 |
_aE3239 _c3235 _d3235 |
||